000 00660nam a2200229 i 4500
001 bg
100 1 _aLUTEK, Kazimierz
245 1 0 _aObrabiarki II :
_bdo gwintów i uzębień /
_cKazimierz Lutek ; Politechnika Lubelska.
260 _aLublin :
_bWydawnictwa Uczelniane PL,
_c1999.
300 _a152 s. :
_bfot., rys., 1 wykr. ;
_c24 cm.
504 _aBibliogr. s. 152.
650 9 _aObrabiarki
655 _aPodręczniki akademickie
710 0 _aPolitechnika Lubelska
020 _a8388110306
040 _cBPK
041 0 _apl
080 _a621.9.06(075.8)
920 _a83-88110-30-6
942 _cKS
008 s pl f |000 0 pol
999 _c38465
_d38465
856 _uhttp://koha.tu.koszalin.pl/cgi-bin/koha/opac-detail.pl?biblionumber=38465
_yKatalog online BPK